Vista normal
Vista MARC
Entrada Materia (personas)
Número de registros utilizados en: 1
001 - CONTROL NUMBER
- control field: 73462
003 - CONTROL NUMBER IDENTIFIER
- control field: Co-BoUCM
005 - DATE AND TIME OF LATEST TRANSACTION
- control field: 20151111093045.0
008 - FIXED-LENGTH DATA ELEMENTS
- fixed length control field: 151111|| aca||aabn | a|a d
040 ## - CATALOGING SOURCE
- Original cataloging agency: Co-BoUCM
- Transcribing agency: Co-BoUCM
100 ## - HEADING--PERSONAL NAME
- Personal name: Bird, Gillian.
670 ## - SOURCE DATA FOUND
- Source citation: Work cat.: (Co-BoUCM)301404: Buckley, Sue 73461, Habla, lenguaje y comunicación en alumnos con síndrome de down, 2005